000 00481nam a2200181Ia 4500
005 20250508152651.0
008 008 250505s9999 xx 000 0 hin d
037 _aTextual
040 _aFEDL
_beng
_cFEDL
041 _ahin
_2eng
084 _a891.432, VAR
_qFEDL
100 _aVarma RajKumar
_9398849
245 0 _aRajat rashmi
260 _aKashi, India
_bBhartiya Gyanpeeth
300 _a174p.
942 _cTEXL
_h891.432, VAR
999 _c1337910
_d1337910